A power-efficient resonant current mode receiver with wide input range over breakdown voltages using automated maximum efficiency control / (Record no. 19639)
[ view plain ]
| 000 -LEADER | |
|---|---|
| fixed length control field | 01211nam a22002657a 4500 |
| 003 - CONTROL NUMBER IDENTIFIER | |
| control field | OSt |
| 005 - DATE AND TIME OF LATEST TRANSACTION | |
| control field | 20250827182447.0 |
| 008 - FIXED-LENGTH DATA ELEMENTS--GENERAL INFORMATION | |
| fixed length control field | 240313b ||||| |||| 00| 0 eng d |
| 040 ## - CATALOGING SOURCE | |
| Transcribing agency | 0 |
| 082 ## - DEWEY DECIMAL CLASSIFICATION NUMBER | |
| Classification number | DPer 621.317 Ie21 July 2022 v.37 n. 7 |
| 100 ## - MAIN ENTRY--PERSONAL NAME | |
| Personal name | Lee, Hyun-Su. |
| Relator term | author. |
| 9 (RLIN) | 54463 |
| 245 ## - TITLE STATEMENT | |
| Title | A power-efficient resonant current mode receiver with wide input range over breakdown voltages using automated maximum efficiency control / |
| Statement of responsibility, etc. | Hyun-Su Lee, Jisan Ahn, Kyeongho Eom, Woojoong Jung, Seung-Ju Lee, Yeon-Woo Jung, Se-Un Shin, and Hyung-Min Lee |
| 260 ## - PUBLICATION, DISTRIBUTION, ETC. (IMPRINT) | |
| Place of publication, distribution, etc. | New York ; |
| Name of publisher, distributor, etc. | The Institute of Electrical and Electronics Engineers, Inc. , |
| Date of publication, distribution, etc. | July 2022. |
| 300 ## - PHYSICAL DESCRIPTION | |
| Extent | volume 37, pages 8738-8750 : |
| Other physical details | illustration ; |
| Dimensions | 28 cm. |
| 500 ## - GENERAL NOTE | |
| General note | IEEE Transactions on Power Electronics, vol. 37, no. 7, pages 8738-8750, July 2022.<br/> |
| 700 ## - ADDED ENTRY--PERSONAL NAME | |
| Personal name | Lee, Hyun-Su. |
| Relator term | author. |
| 9 (RLIN) | 54463 |
| 700 ## - ADDED ENTRY--PERSONAL NAME | |
| Personal name | Ahn, Jisan. |
| Relator term | author. |
| 9 (RLIN) | 54464 |
| 700 ## - ADDED ENTRY--PERSONAL NAME | |
| Personal name | Eom, Kyeongho. |
| Relator term | author. |
| 9 (RLIN) | 54465 |
| 700 ## - ADDED ENTRY--PERSONAL NAME | |
| Personal name | Jung, Woojoong. |
| Relator term | author. |
| 9 (RLIN) | 54466 |
| 700 ## - ADDED ENTRY--PERSONAL NAME | |
| Personal name | Lee, Seung-Ju. |
| Relator term | author. |
| 9 (RLIN) | 54467 |
| 700 ## - ADDED ENTRY--PERSONAL NAME | |
| Personal name | Jung, Yeon-Woo. |
| Relator term | author. |
| 9 (RLIN) | 54468 |
| 700 ## - ADDED ENTRY--PERSONAL NAME | |
| Personal name | Shin, Se-Un. |
| Relator term | author. |
| 9 (RLIN) | 54469 |
| 700 ## - ADDED ENTRY--PERSONAL NAME | |
| Personal name | Lee, Hyung-Min. |
| Relator term | author. |
| 9 (RLIN) | 54470 |
| 942 ## - ADDED ENTRY ELEMENTS (KOHA) | |
| Source of classification or shelving scheme | Dewey Decimal Classification |
| Koha item type | Periodicals |
| Withdrawn status | Lost status | Source of classification or shelving scheme | Damaged status | Not for loan | Collection code | Home library | Current library | Date acquired | Total Checkouts | Full call number | Date last seen | Price effective from | Koha item type | Public note |
|---|---|---|---|---|---|---|---|---|---|---|---|---|---|---|
| Dewey Decimal Classification | Periodicals | UM Digos College - LIC | UM Digos College - LIC | 03/13/2024 | DPer 621.317 Ie21 July 2022 v.37 n. 7 | 03/13/2024 | 03/13/2024 | Periodicals | Periodical Article |
